Quadres de comandament 2020
Descripción Física:
39 pàgines ; taules ; color ; 21 cm
Idioma:
Catalán
MARC
| LEADER | 00000nam a22000007a 4500 | ||
|---|---|---|---|
| 001 | 27623 | ||
| 003 | Arxiu | ||
| 005 | 20260324181157.0 | ||
| 008 | 230328b spa||||| |||| 00| 0 cat d | ||
| 017 | |a B 10241-2021 | ||
| 040 | |a agdb |b cat | ||
| 110 | 1 | |a Barcelona (Catalunya : Província). |b Diputació |9 52408 | |
| 245 | |a Quadres de comandament 2020 | ||
| 246 | |a PAM : |b Quadres de comandament | ||
| 250 | |a Maig 2021 | ||
| 260 | |a Barcelona : |b Diputació de Barcelona ; |c 2021 | ||
| 300 | |a 39 pàgines ; |b taules ; color ; |c 21 cm | ||
| 610 | 1 | 0 | |9 52706 |a Barcelona (Catalunya : Província). |b Diputació |v Planificació |
| 710 | |a Barcelona (Catalunya : Província). |b Àrea de Presidència |9 52558 | ||
| 710 | |9 56007 |a Barcelona (Catalunya : Província). |b Subdirecció d’Imatge Corporativa i Promoció Institucional | ||
| 710 | 1 | |9 52746 |a Barcelona (Catalunya : Província). |b Diputació. |t Pla d'actuació de mandat 2020-2023 | |
| 942 | |2 udc |c ARXIU |n 1 | ||
| 952 | |0 0 |1 0 |2 udc |4 0 |6 FU759 |7 1 |9 65847 |a Arxiu |b Arxiu |d 2023-03-28 |l 0 |o FU-75-9 |p 27623 |r 2023-03-28 00:00:00 |w 2023-03-28 |y ARXIU | ||
| 999 | |c 83280 |d 83280 | ||